[Event "?"]
[Site "?"]
[Date "????.??.??"]
[Round "?"]
[White "Morgner, S."]
[Black "Lauterbach, E."]
[Result "1-0"]
[WhiteElo "1870"]
[BlackElo "1715"]
[PlyCount "67"]
[EventDate "2010.??.??"]
[WhiteTeam "Saxone/1911-BSW"]
[BlackTeam "Heidenau"]

1. Nf3 d5 2. d4 Nf6 3. c4 Bf5 4. Nc3 e6 5. Qb3 b6 6. Bg5 c6 7. Rc1 dxc4 8. Qxc4
Be7 9. Bf4 Bd6 10. Bg5 Be7 11. e3 O-O 12. Be2 Nd5 13. Bxe7 Nxe7 14. h3 h6 15.
Ne5 Qc7 16. Nb5 Qd8 17. Nc3 Qd6 18. Bf3 a6 19. O-O f6 20. Ng4 b5 21. Qb3 Nd7
22. e4 Bg6 23. Rfd1 Bf7 24. d5 e5 25. dxc6 Qc7 26. Nd5 Nxd5 27. exd5 Nb6 28.
Ne3 Rfd8 29. Qb4 Nc8 30. Nf5 Kh7 31. d6 Nxd6 32. Nxd6 Rxd6 33. Qxd6 Qxd6 34.
Rxd6 1-0

[Event "?"]
[Site "?"]
[Date "????.??.??"]
[Round "?"]
[White "Weiß, H."]
[Black "Zanger, K."]
[Result "1/2-1/2"]
[WhiteElo "1642"]
[BlackElo "1811"]
[PlyCount "84"]
[EventDate "2010.??.??"]
[WhiteTeam "Heidenau"]
[BlackTeam "Saxone/1911-BSW"]

1. f4 d6 2. Nf3 g6 3. d4 Bg7 4. c3 Nf6 5. e3 O-O 6. Be2 Nbd7 7. O-O b6 8. Qe1
Bb7 9. Nbd2 c5 10. Bd3 Rc8 11. Qe2 e6 12. Ba6 Bxa6 13. Qxa6 Rc7 14. Qe2 d5 15.
Ne5 Qc8 16. e4 Qb7 17. Nxd7 Nxd7 18. e5 b5 19. Nf3 a6 20. h3 Rfc8 21. Be3 Bf8
22. Qf2 cxd4 23. Nxd4 Nc5 24. Qe2 Ne4 25. Kh2 b4 26. Rac1 bxc3 27. bxc3 Nxc3
28. Qf3 Bg7 29. h4 Ne4 30. Rxc7 Rxc7 31. h5 Rc4 32. Qg4 Qe7 33. Nf3 f5 34. Qh3
Rc3 35. Re1 Qa3 36. Ng5 Nxg5 37. fxg5 Bxe5+ 38. Kh1 Bg7 39. Qf3 f4 40. Qxf4 e5
41. Qg4 d4 42. Qe6+ Kh8 1/2-1/2

[Event "?"]
[Site "?"]
[Date "????.??.??"]
[Round "?"]
[White "Titz, H."]
[Black "Vucenovic, D."]
[Result "1/2-1/2"]
[WhiteElo "2248"]
[BlackElo "2288"]
[PlyCount "131"]
[EventDate "2010.??.??"]
[WhiteTeam "Wien 1"]
[BlackTeam "Schweiz"]
[BlackTeamCountry "SUI"]

1. c4 e5 2. g3 Nc6 3. Bg2 Nf6 4. Nc3 g6 5. Nf3 Bg7 6. d4 exd4 7. Nxd4 O-O 8.
O-O Re8 9. Nc2 d6 10. Ne3 Nd7 11. Bd2 Nb6 12. Rc1 Ne5 13. Ncd5 c6 14. Nf4 Ng4
15. Nxg4 Bxg4 16. h3 Be6 17. Nxe6 fxe6 18. Qc2 d5 19. b3 Qf6 20. e4 dxc4 21.
bxc4 Qb2 22. Be3 Qxc2 23. Rxc2 Rad8 24. Rb1 Rd7 25. c5 Na4 26. Rb3 Rd1+ 27. Bf1
Re7 28. Kg2 Red7 29. Be2 Ra1 30. Ra3 Nb2 31. Rxa7 Re1 32. Ra3 Nd1 33. Bxd1
Rexd1 34. Rb3 Kf7 35. h4 R1d3 36. Rc4 Rxb3 37. axb3 Rd3 38. Rb4 Rd7 39. Kf3 Bc3
40. Rc4 Bg7 41. Ke2 Bb2 42. Rc2 Be5 43. b4 Ba1 44. Rc1 Bf6 45. Rb1 Be7 46. b5
cxb5 47. Rxb5 Bd8 48. Bf4 Bf6 49. Bd6 e5 50. f4 exf4 51. Bxf4 Bd8 52. Bd6 Ke6
53. Ke3 b6 54. cxb6 Rxd6 55. b7 Bc7 56. b8=Q Bxb8 57. Rxb8 Rd7 58. Rb5 Rf7 59.
Rc5 Ra7 60. h5 gxh5 61. Rxh5 Rf7 62. g4 Rg7 63. Kf4 Rf7+ 64. Rf5 Ra7 65. g5 Ke7
66. Rf6 1/2-1/2

[Event "?"]
[Site "?"]
[Date "????.??.??"]
[Round "?"]
[White "Hohler, P."]
[Black "Dueckstein, A."]
[Result "1/2-1/2"]
[WhiteElo "2203"]
[BlackElo "2227"]
[PlyCount "50"]
[EventDate "2010.??.??"]
[WhiteTeam "Schweiz"]
[BlackTeam "Wien 1"]
[WhiteTeamCountry "SUI"]

1. d4 d5 2. c4 e6 3. Nc3 Nf6 4. Bg5 Be7 5. e3 b6 6. Nf3 O-O 7. Rc1 Bb7 8. cxd5
Nxd5 9. Bxe7 Qxe7 10. Be2 Rc8 11. O-O Nd7 12. Nxd5 exd5 13. Qa4 a6 14. b4 c6
15. Bd3 g6 16. Qb3 a5 17. b5 c5 18. Qa4 c4 19. Bc2 Qb4 20. Rb1 Qxa4 21. Bxa4
Nf6 22. Bc2 Rc7 23. Rfc1 Re8 24. Kf1 Ne4 25. Bxe4 Rxe4 1/2-1/2

[Event "?"]
[Site "?"]
[Date "????.??.??"]
[Round "?"]
[White "Strobel, F."]
[Black "Illi, H."]
[Result "1-0"]
[WhiteElo "2148"]
[BlackElo "2134"]
[PlyCount "61"]
[EventDate "2010.??.??"]
[WhiteTeam "Wien 1"]
[BlackTeam "Schweiz"]
[BlackTeamCountry "SUI"]

1. f4 d5 2. Nf3 Bg4 3. e3 Nf6 4. Be2 Nbd7 5. d4 Ne4 6. O-O f5 7. Nbd2 Nxd2 8.
Bxd2 Bxf3 9. Bxf3 e6 10. c4 Nf6 11. Qb3 b6 12. a4 Be7 13. Bb4 Bxb4 14. Qxb4 a5
15. Qa3 Qe7 16. Rfc1 Rc8 17. Qb3 Qd7 18. Rc3 O-O 19. Rac1 Ne4 20. Bxe4 dxe4 21.
c5 Rb8 22. Qc2 b5 23. c6 Qd6 24. Rc5 bxa4 25. Rxa5 Qb4 26. Rxa4 Qxb2 27. Qxb2
Rxb2 28. Ra7 Rc8 29. Rb7 Rxb7 30. cxb7 Rb8 31. Rxc7 1-0

[Event "?"]
[Site "?"]
[Date "????.??.??"]
[Round "?"]
[White "Jansa, V."]
[Black "Watzka, H."]
[Result "1/2-1/2"]
[WhiteElo "2495"]
[BlackElo "2296"]
[PlyCount "88"]
[EventDate "2010.??.??"]
[WhiteTeam "Tschechien"]
[BlackTeam "Steiermark"]
[WhiteTeamCountry "CZE"]

1. e4 e5 2. Nf3 Nc6 3. Bb5 a6 4. Ba4 Nf6 5. O-O Nxe4 6. d4 b5 7. Bb3 d5 8. dxe5
Be6 9. Nbd2 Be7 10. c3 O-O 11. Bc2 f5 12. Nb3 Qd7 13. Nfd4 Nd8 14. f3 Nc5 15.
Na5 c6 16. a4 Ncb7 17. Nxb7 Nxb7 18. b4 c5 19. bxc5 Bxc5 20. Ba3 g6 21. Qe2
bxa4 22. Rfd1 Bxa3 23. Rxa3 Nc5 24. Raa1 Rab8 25. Bxa4 Qc7 26. Qd2 Rb6 27. Re1
Rd8 28. Bc2 Bf7 29. h4 Ne6 30. h5 Qe7 31. Ra5 Qh4 32. h6 Rb2 33. Rb1 Rxb1+ 34.
Bxb1 Nf4 35. Ne2 Nxe2+ 36. Qxe2 Qxh6 37. Bc2 Rc8 38. e6 Be8 39. Rxa6 Qg7 40.
Qd3 Rxc3 41. Ra8 Qe5 42. Rxe8+ Kg7 43. Qd2 Rxc2 44. Qg5 Rc7 1/2-1/2

[Event "?"]
[Site "?"]
[Date "????.??.??"]
[Round "?"]
[White "Pribyl, J."]
[Black "Kratschmer, H."]
[Result "1/2-1/2"]
[WhiteElo "2344"]
[BlackElo "2160"]
[PlyCount "28"]
[EventDate "2010.??.??"]
[WhiteTeam "Tschechien"]
[BlackTeam "Steiermark"]
[WhiteTeamCountry "CZE"]

1. c4 Nf6 2. Nf3 g6 3. Nc3 d5 4. cxd5 Nxd5 5. e4 Nxc3 6. dxc3 Qxd1+ 7. Kxd1 f6
8. Kc2 e5 9. Be3 Be6 10. Nd2 Nd7 11. Nb3 a5 12. a4 Bxb3+ 13. Kxb3 Nc5+ 14. Bxc5
Bxc5 1/2-1/2

[Event "?"]
[Site "?"]
[Date "????.??.??"]
[Round "?"]
[White "Pitzl, K."]
[Black "Pacl, V."]
[Result "1/2-1/2"]
[WhiteElo "2108"]
[BlackElo "2275"]
[PlyCount "61"]
[EventDate "2010.??.??"]
[WhiteTeam "Steiermark"]
[BlackTeam "Tschechien"]
[BlackTeamCountry "CZE"]

1. Nf3 Nf6 2. g3 d5 3. Bg2 c6 4. d3 Bf5 5. O-O h6 6. Nbd2 e6 7. a3 a5 8. b3 Bc5
9. Bb2 O-O 10. c4 Nbd7 11. d4 Bd6 12. Nh4 Bh7 13. Nhf3 Qb8 14. Qc1 b5 15. c5
Bc7 16. Re1 Ne4 17. Nxe4 Bxe4 18. Nd2 Bxg2 19. Kxg2 f5 20. e3 a4 21. b4 Qe8 22.
Nf3 Nf6 23. Qd1 g5 24. Rf1 g4 25. Ng1 Bb8 26. Qe2 Ra7 27. Rfe1 Rh7 28. h4 gxh3+
29. Nxh3 Kh8 30. Rh1 Rg8 31. Rag1 1/2-1/2

[Event "?"]
[Site "?"]
[Date "????.??.??"]
[Round "?"]
[White "Postler, R."]
[Black "Liebert, H."]
[Result "1/2-1/2"]
[WhiteElo "2325"]
[BlackElo "2255"]
[PlyCount "31"]
[EventDate "2010.??.??"]
[WhiteTeam "Berlin"]
[BlackTeam "Sachsen-Anhalt"]

1. e4 c5 2. Nf3 Nc6 3. d4 cxd4 4. Nxd4 Qc7 5. Nc3 e6 6. Be2 a6 7. O-O Nf6 8.
Be3 Be7 9. f4 d6 10. Qe1 O-O 11. Kh1 Bd7 12. Qg3 Nxd4 13. Bxd4 Bc6 14. Bd3 Nh5
15. Qg4 Nf6 16. Qg3 1/2-1/2

[Event "?"]
[Site "?"]
[Date "????.??.??"]
[Round "?"]
[White "Csulits, A."]
[Black "Lieb, H."]
[Result "1/2-1/2"]
[WhiteElo "2222"]
[BlackElo "2249"]
[PlyCount "40"]
[EventDate "2010.??.??"]
[WhiteTeam "Sachsen-Anhalt"]
[BlackTeam "Berlin"]

1. d4 d5 2. Nf3 Nf6 3. g3 Bf5 4. Bg2 c6 5. O-O e6 6. Ne5 Nbd7 7. f4 Be4 8. Bh3
g6 9. Nc3 h5 10. Nxe4 Nxe4 11. c4 Qe7 12. cxd5 cxd5 13. Qa4 a6 14. Bg2 Nef6 15.
Bd2 Qd6 16. Rac1 Be7 17. a3 Qb6 18. Bc3 Qb5 19. Qc2 h4 20. Bf3 hxg3 1/2-1/2

[Event "?"]
[Site "?"]
[Date "????.??.??"]
[Round "?"]
[White "Brameyer, H."]
[Black "Hamm, G."]
[Result "1/2-1/2"]
[WhiteElo "2237"]
[BlackElo "2124"]
[PlyCount "46"]
[EventDate "2010.??.??"]
[WhiteTeam "Berlin"]
[BlackTeam "Sachsen-Anhalt"]

1. d4 g6 2. Nf3 Bg7 3. c4 d6 4. Nc3 c5 5. g3 cxd4 6. Nxd4 Nc6 7. Nxc6 bxc6 8.
Bg2 Bd7 9. O-O Nf6 10. Bg5 O-O 11. Qd2 Qc8 12. Rfe1 Re8 13. b3 Qc7 14. Rac1
Rad8 15. e4 Bc8 16. h3 Nd7 17. Na4 Nb6 18. Nb2 Nd7 19. Bh6 Bh8 20. Kh2 Nf8 21.
Rcd1 Ne6 22. Na4 Nd4 23. f4 c5 1/2-1/2

[Event "?"]
[Site "?"]
[Date "????.??.??"]
[Round "?"]
[White "Liebscher, H."]
[Black "Thormann, W."]
[Result "1/2-1/2"]
[WhiteElo "2107"]
[BlackElo "2273"]
[PlyCount "25"]
[EventDate "2010.??.??"]
[WhiteTeam "Sachsen-Anhalt"]
[BlackTeam "Berlin"]

1. e4 d5 2. exd5 Qxd5 3. Nc3 Qa5 4. d4 c6 5. Bc4 Nf6 6. Nf3 Bf5 7. Bd2 Nbd7 8.
O-O Qc7 9. Qe2 e6 10. Ne5 Bd6 11. f4 Qb6 12. Kh1 O-O 13. g4 1/2-1/2

[Event "?"]
[Site "?"]
[Date "????.??.??"]
[Round "?"]
[White "Donchenko, A."]
[Black "Van Geffen, B."]
[Result "1-0"]
[WhiteElo "2380"]
[BlackElo "2174"]
[PlyCount "55"]
[EventDate "2010.??.??"]
[WhiteTeam "Hessen 1"]
[BlackTeam "Oranjeteam 1"]

1. d4 Nf6 2. Nf3 g6 3. g3 Bg7 4. Bg2 O-O 5. O-O d5 6. c4 Nc6 7. Nbd2 Bg4 8. Ne5
Nxe5 9. dxe5 Ne8 10. cxd5 Bxe5 11. Nc4 Bg7 12. h3 Bd7 13. Qb3 b5 14. Na5 Nd6
15. Bf4 Rc8 16. Rac1 e5 17. Bd2 Qe8 18. Nc6 Nc4 19. Bb4 Bxc6 20. dxc6 Nd6 21.
Bxd6 cxd6 22. Qxb5 e4 23. Qd5 Bxb2 24. Rb1 Ba3 25. Bxe4 Qe6 26. Kg2 Rfe8 27.
Bf3 Rc7 28. Qa5 1-0

[Event "?"]
[Site "?"]
[Date "????.??.??"]
[Round "?"]
[White "Rodriguez Vargas, O."]
[Black "Pritchett, C."]
[Result "1/2-1/2"]
[WhiteElo "2423"]
[BlackElo "2366"]
[PlyCount "79"]
[EventDate "2010.??.??"]
[WhiteTeam "Catalonia"]
[BlackTeam "Schottland 1"]
[WhiteTeamCountry "CAT"]

1. d4 Nf6 2. c4 e6 3. Nc3 Bb4 4. e3 O-O 5. Nge2 d5 6. a3 Be7 7. Ng3 c5 8. dxc5
Bxc5 9. b4 Be7 10. Bb2 a5 11. b5 dxc4 12. Bxc4 Nbd7 13. Nce4 Nb6 14. Bd3 Nxe4
15. Nxe4 f5 16. Nc3 Kh8 17. e4 Bf6 18. Qe2 Bd4 19. O-O Qf6 20. Nd1 Bxb2 21.
Nxb2 e5 22. exf5 Bxf5 23. Bxf5 Qxf5 24. Rae1 Rae8 25. Nc4 Nxc4 26. Qxc4 e4 27.
Re3 h6 28. a4 Qg6 29. Qc2 Re7 30. Rfe1 Rd8 31. f3 Qb6 32. Qf2 Qd4 33. Rxe4 Rxe4
34. fxe4 Qxa4 35. e5 Qd4 36. Qxd4 Rxd4 37. Rc1 Re4 38. Rc7 Rxe5 39. Rxb7 a4 40.
Ra7 1/2-1/2

[Event "?"]
[Site "?"]
[Date "????.??.??"]
[Round "?"]
[White "Bonner, G."]
[Black "Simon Padros, E."]
[Result "1/2-1/2"]
[WhiteElo "2179"]
[BlackElo "2229"]
[PlyCount "56"]
[EventDate "2010.??.??"]
[WhiteTeam "Schottland 1"]
[BlackTeam "Catalonia"]
[BlackTeamCountry "CAT"]

1. d4 e6 2. g3 f5 3. Bg2 Nf6 4. c4 d5 5. Nh3 c6 6. Nd2 Bd6 7. Qc2 O-O 8. Nf3
Ne4 9. O-O Nd7 10. Nf4 Qe7 11. Nd3 b6 12. Nfe5 Bb7 13. Nxd7 Qxd7 14. f3 Nf6 15.
c5 Bc7 16. Bf4 Bxf4 17. gxf4 Qc7 18. Ne5 Nd7 19. Rac1 Nxe5 20. fxe5 b5 21. Qd2
a5 22. a3 Qe7 23. f4 Rfb8 24. Ra1 Bc8 25. b3 Ra7 26. Rf3 b4 27. a4 Ba6 28. Bf1
Re8 1/2-1/2

[Event "?"]
[Site "?"]
[Date "????.??.??"]
[Round "?"]
[White "Anguera Maestro, J."]
[Black "White, A."]
[Result "1-0"]
[WhiteElo "2217"]
[BlackElo "2123"]
[PlyCount "81"]
[EventDate "2010.??.??"]
[WhiteTeam "Catalonia"]
[BlackTeam "Schottland 1"]
[WhiteTeamCountry "CAT"]

1. d4 d6 2. Nf3 Nc6 3. c4 e5 4. d5 Nce7 5. Nc3 c5 6. e4 Nf6 7. Bd3 Ng6 8. h3
Be7 9. Ne2 O-O 10. Ng3 Bd7 11. O-O Qc7 12. Qc2 Rae8 13. Bd2 Nf4 14. Ne2 Nxd3
15. Qxd3 Rb8 16. Ng3 b5 17. b3 Rb7 18. Bc3 g6 19. Nd2 b4 20. Bb2 Ne8 21. f4 Bf6
22. f5 Bg7 23. Rf2 f6 24. Ndf1 a5 25. Ne3 g5 26. Nh5 Bh8 27. h4 gxh4 28. Qe2
Ng7 29. Ng4 Kf7 30. Nhxf6 h5 31. Nxh5 Nxh5 32. Nh6+ Ke7 33. Qxh5 Be8 34. Qg4
Kd8 35. Bc1 Qh7 36. Bg5+ Kc8 37. f6+ Bd7 38. Qxh4 Qg6 39. f7 Bg7 40. Raf1 Kc7
41. Ng8 1-0

[Event "?"]
[Site "?"]
[Date "????.??.??"]
[Round "?"]
[White "Borwell, A."]
[Black "Poyato Sala, J."]
[Result "1/2-1/2"]
[WhiteElo "2018"]
[BlackElo "2216"]
[PlyCount "49"]
[EventDate "2010.??.??"]
[WhiteTeam "Schottland 1"]
[BlackTeam "Catalonia"]
[BlackTeamCountry "CAT"]

1. e4 e5 2. Nf3 Nc6 3. Bb5 a6 4. Ba4 Nf6 5. Qe2 b5 6. Bb3 Be7 7. c3 O-O 8. O-O
d6 9. d3 Na5 10. Bc2 c5 11. Rd1 Qc7 12. Nbd2 Re8 13. Nf1 g6 14. Ng3 Bf8 15. Bg5
Bg7 16. h3 h6 17. Be3 Bb7 18. Qd2 Kh7 19. b4 cxb4 20. cxb4 Nc6 21. Bb3 Qd7 22.
a3 d5 23. Bc5 dxe4 24. dxe4 Qxd2 25. Rxd2 1/2-1/2

[Event "?"]
[Site "?"]
[Date "????.??.??"]
[Round "?"]
[White "Turikov, V."]
[Black "Stull, N."]
[Result "1-0"]
[WhiteElo "2345"]
[BlackElo "2172"]
[PlyCount "65"]
[EventDate "2010.??.??"]
[WhiteTeam "St. Petersburg"]
[BlackTeam "Luxemburg"]
[BlackTeamCountry "LUX"]

1. d4 Nf6 2. c4 g6 3. Nc3 Bg7 4. e4 d6 5. Be2 O-O 6. Bg5 Nbd7 7. Qd2 c6 8. Nf3
e5 9. Rd1 Qa5 10. O-O exd4 11. Nxd4 Nc5 12. Nc2 Ne6 13. Be3 Rd8 14. f4 a6 15.
b4 Qc7 16. f5 Nf8 17. e5 Ne8 18. f6 Bh8 19. Na4 Nd7 20. exd6 Qb8 21. c5 Nexf6
22. Nc3 Re8 23. Bd4 b5 24. Qg5 Re6 25. Bg4 Nxg4 26. Bxh8 Kxh8 27. Nd4 Nge5 28.
Qd8+ Kg7 29. Nxe6+ fxe6 30. Qe7+ Kg8 31. Ne4 Ra7 32. Rf8+ Nxf8 33. Nf6+ 1-0

[Event "?"]
[Site "?"]
[Date "????.??.??"]
[Round "?"]
[White "Feller, J."]
[Black "Karasev, V."]
[Result "1-0"]
[WhiteElo "2212"]
[BlackElo "2344"]
[PlyCount "52"]
[EventDate "2010.??.??"]
[WhiteTeam "Luxemburg"]
[BlackTeam "St. Petersburg"]
[WhiteTeamCountry "LUX"]

1. d4 Nf6 2. Nf3 e6 3. Bf4 b6 4. e3 Bb7 5. Nbd2 Be7 6. Bd3 d6 7. e4 O-O 8. h4
c5 9. e5 dxe5 10. dxe5 Nh5 11. Be3 f5 12. Ng5 Bxg5 13. Bxg5 Qe8 14. Nc4 Bxg2
15. Rg1 Qc6 16. Be2 Bd5 17. Nd6 Nd7 18. f4 Nhf6 19. Bh6 Ng4 20. Bxg4 fxg4 21.
Qxg4 g6 22. h5 Nf6 23. exf6 Rxf6 24. Qg5 Rf5 25. Nxf5 exf5 26. O-O-O Bf7 1-0

[Event "?"]
[Site "?"]
[Date "????.??.??"]
[Round "?"]
[White "Dommes, V."]
[Black "Assel, F."]
[Result "1-0"]
[WhiteElo "2297"]
[BlackElo "1745"]
[PlyCount "45"]
[EventDate "2010.??.??"]
[WhiteTeam "St. Petersburg"]
[BlackTeam "Luxemburg"]
[BlackTeamCountry "LUX"]

1. d4 Nf6 2. c4 g6 3. Nc3 Bg7 4. e4 d6 5. f4 O-O 6. Nf3 c5 7. d5 e6 8. Be2 exd5
9. exd5 Re8 10. O-O Bf5 11. Bd3 Qd7 12. Qc2 Bxd3 13. Qxd3 Na6 14. a3 Nc7 15. f5
Qxf5 16. Qxf5 gxf5 17. Nh4 Ne4 18. Nxf5 Nxc3 19. bxc3 Rad8 20. Bf4 Bf8 21. Rf3
Re4 22. Rg3+ Kh8 23. Bg5 1-0

[Event "?"]
[Site "?"]
[Date "????.??.??"]
[Round "?"]
[White "Jorgensen, J."]
[Black "Schmidt, G."]
[Result "1/2-1/2"]
[WhiteElo "2340"]
[BlackElo "2241"]
[PlyCount "31"]
[EventDate "2010.??.??"]
[WhiteTeam "Dänemark 1"]
[BlackTeam "USV TU Dresden"]

1. f4 d5 2. Nf3 Nf6 3. g3 c5 4. Bg2 Nc6 5. O-O g6 6. d3 Bg7 7. Qe1 O-O 8. e4 b6
9. h3 dxe4 10. dxe4 e5 11. fxe5 Nd7 12. Bg5 Qc7 13. Nc3 Ncxe5 14. Nd5 Nxf3+ 15.
Rxf3 Qe5 16. Bc1 1/2-1/2

[Event "?"]
[Site "?"]
[Date "????.??.??"]
[Round "?"]
[White "Petzold, H."]
[Black "Kolbak, J."]
[Result "1/2-1/2"]
[WhiteElo "2152"]
[BlackElo "2344"]
[PlyCount "30"]
[EventDate "2010.??.??"]
[WhiteTeam "USV TU Dresden"]
[BlackTeam "Dänemark 1"]

1. e4 c6 2. d4 d5 3. Nc3 dxe4 4. Nxe4 Nf6 5. Nxf6+ exf6 6. Bf4 Be7 7. Qd2 O-O
8. O-O-O Nd7 9. d5 cxd5 10. Qxd5 Qb6 11. Qb5 Qxb5 12. Bxb5 Ne5 13. Ne2 a6 14.
Ba4 Bf5 15. Nd4 Bg6 1/2-1/2

[Event "?"]
[Site "?"]
[Date "????.??.??"]
[Round "?"]
[White "Roos, H."]
[Black "Nielsen, P."]
[Result "1/2-1/2"]
[WhiteElo "2071"]
[BlackElo "2114"]
[PlyCount "27"]
[EventDate "2010.??.??"]
[WhiteTeam "USV TU Dresden"]
[BlackTeam "Dänemark 1"]

1. Nf3 Nf6 2. g3 g6 3. Bg2 Bg7 4. O-O O-O 5. d3 d5 6. Nbd2 c5 7. e4 Nc6 8. c3
dxe4 9. dxe4 Bg4 10. h3 Bd7 11. a4 Qc7 12. Qc2 Rad8 13. Nc4 Be6 14. Ne3 1/2-1/2

[Event "?"]
[Site "?"]
[Date "????.??.??"]
[Round "?"]
[White "Rooze, J."]
[Black "Wahlbom, M."]
[Result "1-0"]
[WhiteElo "2271"]
[BlackElo "2311"]
[PlyCount "119"]
[EventDate "2010.??.??"]
[WhiteTeam "Belgien"]
[BlackTeam "Schweden 1"]
[WhiteTeamCountry "BEL"]

1. e4 c5 2. Nf3 e6 3. Nc3 d6 4. d4 cxd4 5. Nxd4 Nf6 6. g4 h6 7. h4 Nc6 8. Rg1
h5 9. gxh5 Nxh5 10. Bg5 Nf6 11. Rg3 a6 12. Nxc6 bxc6 13. Qf3 e5 14. Bc4 Be6 15.
Bxe6 fxe6 16. O-O-O Ra7 17. Qe2 Qc8 18. Qc4 Kf7 19. Rdg1 Nh5 20. Rf3+ Kg8 21.
Ne2 Rf7 22. Rxf7 Kxf7 23. Ng3 Nf4 24. Bxf4 exf4 25. Nf5 Rh7 26. Nd4 c5 27. Nf3
Kg8 28. Rg6 Rh6 29. Rxh6 gxh6 30. e5 d5 31. Qxf4 Bg7 32. h5 Qe8 33. Qg4 Qf7 34.
c3 Kf8 35. Kd2 a5 36. Ke3 Ke8 37. Qa4+ Kf8 38. Qf4 Qxf4+ 39. Kxf4 a4 40. b3
axb3 41. axb3 Ke8 42. Nh2 Kd7 43. Ng4 Kc6 44. Ke3 Kb5 45. Kd3 Bf8 46. f4 Bg7
47. Ne3 Kc6 48. b4 Bf8 49. bxc5 Bxc5 50. f5 Kd7 51. f6 Ke8 52. Ng4 Bf8 53. Kc2
Kd7 54. Kb3 Kd8 55. Ka4 Ke8 56. Kb5 Kd7 57. Kb6 Kd8 58. Kc6 Kc8 59. Ne3 Kd8 60.
Ng2 1-0

[Event "?"]
[Site "?"]
[Date "????.??.??"]
[Round "?"]
[White "Malmdin, N."]
[Black "Van Herck, M."]
[Result "1/2-1/2"]
[WhiteElo "2281"]
[BlackElo "2156"]
[PlyCount "128"]
[EventDate "2010.??.??"]
[WhiteTeam "Schweden 1"]
[BlackTeam "Belgien"]
[BlackTeamCountry "BEL"]

1. e4 c6 2. d3 d5 3. Nd2 e5 4. Ngf3 Bd6 5. g3 Ne7 6. Bg2 O-O 7. O-O Nd7 8. Re1
f5 9. exd5 cxd5 10. c4 e4 11. Nd4 Ne5 12. dxe4 dxe4 13. N2b3 Nd3 14. Re2 Be5
15. Be3 Nc6 16. Nxc6 bxc6 17. Nc5 Rb8 18. Nxd3 exd3 19. Rd2 Rxb2 20. Rxd3 Qf6
21. Bxa7 Be6 22. Bd4 Bxc4 23. Bxb2 Bxd3 24. Qxd3 Bxb2 25. Rd1 f4 26. gxf4 g6
27. Bxc6 Kg7 28. Qd6 Qxf4 29. Qxf4 Rxf4 30. Rd7+ Kf6 31. Rd2 Ba3 32. Kg2 Rg4+
33. Kf3 Rh4 34. Kg3 Rc4 35. Ba8 Ra4 36. Bf3 Bc1 37. Rc2 Bf4+ 38. Kg2 Bd6 39. h3
Ra3 40. Bd5 Ra5 41. Bf3 Ke7 42. Re2+ Kf6 43. Rd2 Ba3 44. Rd7 Bc5 45. Bd5 g5 46.
Bg8 h5 47. Rf7+ Kg6 48. Rc7 Bb4 49. Bh7+ Kf6 50. Rc6+ Kg7 51. Bb1 Ba3 52. Rc7+
Kf6 53. Rh7 h4 54. f4 gxf4 55. Rxh4 Ra4 56. Kf3 Be7 57. Rh6+ Ke5 58. Rh5+ Kf6
59. Rf5+ Kg7 60. Kg4 Bf6 61. Rb5 Be7 62. Rb7 Kf8 63. Rb3 Rb4 64. Rxb4 Bxb4
1/2-1/2

[Event "?"]
[Site "?"]
[Date "????.??.??"]
[Round "?"]
[White "Maes, V."]
[Black "Svensson, L."]
[Result "1/2-1/2"]
[WhiteElo "2163"]
[BlackElo "2263"]
[PlyCount "42"]
[EventDate "2010.??.??"]
[WhiteTeam "Belgien"]
[BlackTeam "Schweden 1"]
[WhiteTeamCountry "BEL"]

1. d4 d5 2. Nf3 Bf5 3. c4 e6 4. Nc3 c6 5. e3 Nd7 6. Bd3 Bxd3 7. Qxd3 Ngf6 8.
O-O Be7 9. Rd1 O-O 10. e4 dxe4 11. Nxe4 Nxe4 12. Qxe4 Nf6 13. Qe2 Qc7 14. b3
Rad8 15. Bb2 Qf4 16. Rd3 Qg4 17. Re3 Bd6 18. h3 Qh5 19. Ne5 Qxe2 20. Rxe2 c5
21. Nf3 b6 1/2-1/2

[Event "?"]
[Site "?"]
[Date "????.??.??"]
[Round "?"]
[White "Nordstrom, F."]
[Black "Hajenius, W."]
[Result "1-0"]
[WhiteElo "2191"]
[BlackElo "2043"]
[PlyCount "57"]
[EventDate "2010.??.??"]
[WhiteTeam "Schweden 1"]
[BlackTeam "Belgien"]
[BlackTeamCountry "BEL"]

1. d4 f5 2. g3 Nf6 3. Bg2 g6 4. Nf3 Bg7 5. O-O O-O 6. b3 c6 7. Bb2 d6 8. c4 Qe8
9. d5 Bd7 10. Nc3 Na6 11. Qd2 h6 12. Rad1 c5 13. Ne1 g5 14. e4 f4 15. e5 dxe5
16. Nd3 Ng4 17. h3 f3 18. hxg4 fxg2 19. Kxg2 Bxg4 20. f3 Bxf3+ 21. Rxf3 Rxf3
22. Kxf3 Qh5+ 23. Kg2 e4 24. Nxe4 Qg4 25. Ndf2 Qf5 26. Bxg7 Kxg7 27. Qe2 Rf8
28. Rf1 Qe5 29. Ng4 1-0

[Event "?"]
[Site "?"]
[Date "????.??.??"]
[Round "?"]
[White "Hoen, R."]
[Black "Wünsch, U."]
[Result "1-0"]
[WhiteElo "2259"]
[BlackElo "2101"]
[PlyCount "107"]
[EventDate "2010.??.??"]
[WhiteTeam "Norwegen 1"]
[BlackTeam "Dresdner Springer"]

1. e4 c5 2. Nf3 Nc6 3. d4 cxd4 4. Nxd4 g6 5. Nc3 Bg7 6. Be3 Nf6 7. Be2 O-O 8.
Nb3 d6 9. O-O b6 10. f4 Bb7 11. Bf3 Qd7 12. h3 Rad8 13. Qe2 Qc8 14. Rfd1 Rfe8
15. a4 e5 16. fxe5 Nxe5 17. Bg5 Nc4 18. Rd4 Nxb2 19. Nb5 d5 20. Nxa7 Qb8 21. c3
Qxa7 22. Qxb2 dxe4 23. Be2 Rxd4 24. Nxd4 Qa5 25. Bb5 Rc8 26. Rf1 Nd5 27. Qf2 f5
28. c4 Nc7 29. Bd2 Qa8 30. Be3 Nxb5 31. axb5 Rxc4 32. Ne6 Be5 33. Bxb6 Qe8 34.
Nf4 Qxb5 35. Be3 Qb3 36. Kh1 Rc2 37. Qh4 Rc7 38. Qd8+ Kg7 39. Qe8 Kf6 40. h4
Qf7 41. Qh8+ Qg7 42. Qd8+ Qe7 43. Nd5+ Bxd5 44. Bg5+ Ke6 45. Bxe7 Rxe7 46. Rd1
Bb7 47. Qg8+ Kf6 48. Rd8 Bg3 49. Qf8+ Ke6 50. Qg8+ Ke5 51. Qh8+ Kf4 52. Qf6 e3
53. Qg5+ Ke4 54. Qxe7+ 1-0

[Event "?"]
[Site "?"]
[Date "????.??.??"]
[Round "?"]
[White "Gundersen, H."]
[Black "Mückan, F."]
[Result "1-0"]
[WhiteElo "2220"]
[BlackElo "2059"]
[PlyCount "67"]
[EventDate "2010.??.??"]
[WhiteTeam "Norwegen 1"]
[BlackTeam "Dresdner Springer"]

1. b3 e5 2. Bb2 Nc6 3. e3 d5 4. Bb5 Bd6 5. c4 Bd7 6. cxd5 Nb4 7. Bc4 b5 8. Be2
Nxd5 9. Nf3 Qe7 10. Qc2 Ngf6 11. Nc3 Nb4 12. Qb1 a6 13. a3 Nc6 14. O-O O-O 15.
Ng5 g6 16. Nce4 Nxe4 17. Nxe4 Na5 18. Bc3 Nb7 19. f4 f5 20. Nxd6 cxd6 21. fxe5
dxe5 22. Bb4 Qf7 23. Bxf8 Rxf8 24. a4 Nc5 25. axb5 Bxb5 26. Bxb5 axb5 27. b4
Ne4 28. Qa2 Qxa2 29. Rxa2 Rd8 30. Ra5 Rxd2 31. Rxb5 Kg7 32. Rxe5 Rb2 33. Re7+
Kf6 34. Rxe4 1-0

[Event "?"]
[Site "?"]
[Date "????.??.??"]
[Round "?"]
[White "Bec, D."]
[Black "Harestad, T."]
[Result "1/2-1/2"]
[WhiteElo "2035"]
[BlackElo "2215"]
[PlyCount "67"]
[EventDate "2010.??.??"]
[WhiteTeam "Dresdner Springer"]
[BlackTeam "Norwegen 1"]

1. d4 Nf6 2. c4 g6 3. Nc3 Bg7 4. e4 d6 5. Be2 O-O 6. Bg5 c6 7. Nf3 Bg4 8. O-O
Bxf3 9. Bxf3 e5 10. d5 h6 11. Be3 c5 12. Qd2 Kh7 13. Be2 Nbd7 14. a3 Qe7 15. b4
Rac8 16. Rab1 Ne8 17. Bd3 b6 18. Kh1 Ndf6 19. Be2 Qd7 20. h3 Ng8 21. Bd3 Ne7
22. Kh2 f5 23. exf5 Nxf5 24. b5 Nf6 25. Ne4 Rce8 26. Nxf6+ Rxf6 27. Be4 Qf7 28.
Qe2 Rf8 29. Kg1 Qe8 30. Qd3 Qc8 31. Bd2 Nd4 32. Be3 Nf5 33. Bd2 Nd4 34. Be3
1/2-1/2